00295nam a2200121Ia 4500008004100000041000900041082002000050100002700070245002400097260003600121300000800157650000800165230718s9999 xx 000 0 und d aEng. a345.5491bSUD-P aSudhi, Ahmad Khurshaid 0aPakistan Penal Code aPakistanbPunjab Law Bookc2015 a622 aLaw